000 00616nam a2200205Ia 4500
003 GCL
008 140319s9999 xx 000 0 ara d
020 _a3306902977
040 _aGCL /
_cGCL
082 0 4 _a810.8
_bم ا
100 1 _aمصطفى محمود
245 1 0 _aاكذوبة اليسار الاسلامى /
_cمصطفى محمود
250 _aالخامسة
260 _aالقاهرة :
_bدار المعارف ،
_c1990
300 _a79 ص ؛
_c18 سم
490 _a
650 0 4 _aالاسلام والاصلاح السياسى
650 0 4 _aالاسلام والسياسة
942 _2ddc
_cBK
999 _c31072
_d31072